• 首页
  • 本馆介绍
  • 公告通知
  • 最新文献
  • 馆藏检索
  • 电子资源
  • 读者导购
  • 参考咨询
  • 我的图书馆
  • 登录
  • 详细信息显示
  • 放入我的书架
  • 预约/预借图书
  • 作者相关作品
  • 分类相关作品
  • 丛书相关作品
  • 出版社相关作品

书目信息

  • 表格格式
  • 工作单格式
  • 卡片格式
题名:
人文语境下的室内设计研究
    
 
作者: 李红松 , 廖丹 著
分册:  
出版信息: 北京   光明日报出版社  2017.5
页数: 268页
开本: 21cm
丛书名:
单 册:
中图分类: TU238.2
科图分类:
主题词: 室内装饰设计--shi nei zhuang shi she ji--研究
电子资源:
ISBN: 978-7-5194-1952-3
000 01003nam0 2200289 450
001 0400002909
005 20171021155149.0
010    @a978-7-5194-1952-3@dCNY45.00
099    @aCAL 012017114258
100    @a20170622e2017 ekmy0chiy50 ea
101 0  @achi
102    @aCN@b110000
105    @ay z 000yy
106    @ar
200 1  @a人文语境下的室内设计研究@Aren wen yu jing xia de shi nei she ji yan jiu@f李红松, 廖丹著
210    @a北京@c光明日报出版社@d2017.5
215    @a268页@d21cm
330    @a本文首先探讨人文环境对现代室内设计的影响,而后分析了在人文环境下进行现代室内设计的准则。室内设计作为一种学科与应用科学,它一直在不断的发展着,为人类提供更新、更广阔的生存空间。
333    @a室内装饰设计研究者
606 0  @a室内装饰设计@Ashi nei zhuang shi she ji@x研究
690    @aTU238.2@v5
701  0 @a李红松@Ali hong song@4著
701  0 @a廖丹@Aliao dan@4著
801  0 @aCN@bNJU@c20171021
905    @b1021493-7@dTU238.2@f5@e1020
920    @a211040@z1
920    @a261161@z1
    
    人文语境下的室内设计研究/李红松, 廖丹著.-北京:光明日报出版社,2017.5
    268页;21cm
    使用对象:室内装饰设计研究者
    
    ISBN 978-7-5194-1952-3:CNY45.00
    本文首先探讨人文环境对现代室内设计的影响,而后分析了在人文环境下进行现代室内设计的准则。室内设计作为一种学科与应用科学,它一直在不断的发展着,为人类提供更新、更广阔的生存空间。
●
相关链接 在E读中查询图书 在五车中查询图书 在当当中查询图书 在豆瓣中查询图书


正题名:人文语境下的室内设计研究     索取号:TU238.2/1020         预约/预借

序号 登录号 条形码 馆藏地/架位号 状态 备注
1 1021493   210214935   第二样本阅览室/ [索取号:TU238.2/1020] 在馆    
2 1021494   210214944   第三借阅区/ [索取号:TU238.2/1020] 在馆    
3 1021495   210214953   第三借阅区/ [索取号:TU238.2/1020] 在馆    
4 1021496   210214962   第三借阅区/ [索取号:TU238.2/1020] 在馆    
5 1021497   210214971   密集书库-生命科学系/ [索取号:TU238.2/1020] 在馆    
唐山师范学院图书馆 欢迎您!
大连网信软件有限公司© 版权所有